00867nam a2200217 a 450000100060000000300080000600500170001400800410003103500190007204000260009104100080011708200220012510000190014724502050016626000720037130000360044350200740047950400340055365000270058770000350061479368BD-RjUL20220521165717.0220214s2008 bg a|||| m||| 00| 0 eng d a(BD-RjUL)79368 aBD-RjULbengdBD-RjUL aeng 223a158bMUS 2008 aMuhammad, Noor10aSubjective well-Being of Majority and Minority people of Bangladesh as a function of their Gender, Education, Income and Employment status /cSubmitted by Noor Muhammad ;6Supervisor : Md. Abdul Latif aRajshahi :bDepartment of Psychology, University of Rajshahi,c2008 axi, 187 leaves :bill ;c29 cm. aThesis (Ph. D.)-- Department of Psychology, Rajshahi University, 2008 aReferences : leaves [126]-152 aWell-beingzBangladesh a Latif, Md. Abdul, Supervisor